| 000 | 00631nam a22002057a 4500 | ||
|---|---|---|---|
| 005 | 20251108170952.0 | ||
| 008 | 250721s1981 xx 000 0 ara d | ||
| 082 | 1 | 4 | _aط/599/بمب |
| 100 | 1 | _aبمبرتون، جون لي | |
| 245 | 1 | 0 | _aلبونات أمريكا الجنوبية / |
| 264 | 1 |
_aبيروت : _bمكتبة لبنان، _c1981. |
|
| 300 | _a50ص | ||
| 490 | 0 | _aحيوانات العالم : لبونات | |
| 650 | 1 | 7 | _aالثدييات |
| 650 | 1 | 7 | _aالحيوانات |
| 653 | _aناشئون صغار (10-14) سنة | ||
| 700 | 1 |
_aمسوح، رامز _eترجمة |
|
| 942 |
_2ddc _cBK |
||
| 999 |
_c53308 _d53308 |
||